00840 a2200181 4500003000500000005001700005040000900022082001800031100002700049245009000076260003900166300001500205505024600220650003400466942001200500999001900512952012700531Nust20221117142018.0 cNust a621.31921,CHA aChakrabarti,A.9102912 aNetwork Theory analysis and synthesisbanalysis and synthesis /cAbhijit. Chakrabarti aNew DelhibDhanpat Rai & Co.c2001 aviii,519;p aNon-sinusoidal waveforms (Page-1), Initial consitions and transient response (Page-42), Laplace transformation and its application (Page-112), Network functions (Page-223), Two port network analysis (Page-275), |Network synthesis (Page-405). aTelecommunication Engineering 2ddccBK c215059d215059 00102ddc4070aMCSbMCScGENd2016-12-12o621.31921,CHApMCS32627r2016-12-08w2016-12-12yBKzAlmirah No.30, Shelf No.2